Normal view
MARC view
- Dr Aslam Farhi
Entry Personal Name
001 - CONTROL NUMBER
- control field: 9606
003 - CONTROL NUMBER IDENTIFIER
- control field: NUST
005 - DATE AND TIME OF LATEST TRANSACTION
- control field: 20180123113001.0
008 - FIXED-LENGTH DATA ELEMENTS
- fixed length control field: 180123|| aca||aabn | a|a d
040 ## - CATALOGING SOURCE
- Original cataloging agency: NUST
- Transcribing agency: NUST
100 ## - HEADING--PERSONAL NAME
- Personal name: Dr Aslam Farhi
670 ## - SOURCE DATA FOUND
- Source citation: Work cat.: (NUST)321822: Dr Aslam Farhi, Mosam-e-Bahar Jasey Loug, 2010
